[Event "Sigeman & Co 07th"]
[Site "Malmo"]
[Date "1999.06.11"]
[Round "4"]
[White "Lautier, Joel"]
[Black "De Firmian, Nick E"]
[Result "1/2-1/2"]
[WhiteElo "2596"]
[BlackElo "2610"]
[Annotator "Atlas,V"]
[PlyCount "51"]
[EventDate "1999.06.??"]
[EventType "tourn"]
[EventRounds "9"]
[EventCountry "SWE"]
[EventCategory "14"]
[SourceTitle "CBM 072"]
[Source "ChessBase"]
[SourceDate "1999.10.01"]
[SourceVersion "1"]
[SourceVersionDate "1999.10.01"]
[SourceQuality "1"]

1. d4 Nf6 2. c4 e6 3. Nf3 b6 4. a3 Bb7 5. Nc3 Ne4 6. Nxe4 Bxe4 7. Nd2 {In
order to gain back control over the e4-square and limit Black's light-coloured
bishop. This plan was introduced in the game Tseitlin,M-Zilberstein,V/USSR
1977/Inf 24 (32), which White beautifully won.} Bb7 ({After} 7... Bg6 8. g3 {
is strong. (cf. Kasparow-Andersson, Tilburg 1981).}) 8. e4 g6 9. Bd3 Bg7 10.
Nf3 d6 11. O-O (11. h4 $5 h6 12. Be3 Nd7 13. Qc2 Qe7 14. O-O-O O-O-O {
Galliamova Ivanchuk,A-Balashov,Y/Kstovo 1994/CBM 42 ext 1/2-1/2 (52)}) 11...
O-O 12. Re1 $5 {White does not play standard in this position 12.Bg5
immediately, awaiting where Black's knight will move.} (12. Bg5 Qd7 13. Qd2 Nc6
14. d5 Nd4 (14... Ne5 {Polugaevsky-Christiansen/Thessaloniki ol  YB/2-328 1984
1-0 (48)}) 15. Nxd4 Bxd4 16. Rae1 Bg7 $1 $14 {1-0 Spraggett,K-Hebert,J/
Montreal 1986/Inf 42 (40)}) (12. d5 $5) 12... Nd7 (12... Nc6 {was an
interesting alternative to the text. After} 13. d5 $5 Nd4 14. Nxd4 Bxd4 15. Qg4
{the complex position with approximately equal chances arises.}) 13. Bg5 Bf6
14. Bh6 (14. Bxf6 $5 Nxf6 15. Qd2 c5 $140 16. dxc5 bxc5 (16... dxc5 17. Rad1
Qe7 18. Qg5 Rfe8 19. e5 $36) 17. b4) 14... Bg7 15. Bg5 Bf6 16. Be3 c5 {[%csl
Rd4][%cal Gc5d4,Gf6d4,Gd7e5]} 17. Qd2 cxd4 18. Bxd4 Ne5 $1 {This move
equalizes chances.} (18... Bxd4 $143 19. Nxd4 Ne5 20. Bf1 {xd6}) 19. Nxe5 Bxe5
20. Bf1 ({After} 20. Bxe5 dxe5 21. Rad1 (21. Qc3 Qd4) 21... Qh4 {Black has a
good position.} (21... Qd4 $5)) 20... Qc7 21. Rad1 Rad8 22. Qe3 Bxd4 $1 23.
Rxd4 ({At} 23. Qxd4 {Black may react in the same way he has reacted at 23.Rxd4.
}) 23... e5 24. Rd2 f5 25. exf5 Rxf5 26. Red1 {Black could have answered 26...
Rf6 or 26...Rf4 with counterplay.} 1/2-1/2

[Event "Olympiad-33"]
[Site "Elista"]
[Date "1998.10.11"]
[Round "12.3"]
[White "Gulko, Boris F"]
[Black "Nisipeanu, Liviu Dieter"]
[Result "1-0"]
[WhiteElo "2585"]
[BlackElo "2575"]
[Annotator "Atlas,V"]
[PlyCount "47"]
[EventDate "1998.09.29"]
[EventType "team-swiss"]
[EventRounds "13"]
[EventCountry "RUS"]
[SourceTitle "CBM 068"]
[Source "ChessBase"]
[SourceDate "1999.02.01"]
[SourceVersion "1"]
[SourceVersionDate "1999.02.01"]
[SourceQuality "1"]
[WhiteTeam "US of America"]
[BlackTeam "Romania"]
[WhiteTeamCountry "USA"]
[BlackTeamCountry "ROU"]

{[%mdl 4]} 1. d4 Nf6 2. Nf3 e6 3. c4 b6 4. a3 c5 5. d5 Ba6 6. Nc3 $5 {A move
which probably was for the first time tried in the game Speelman,J-Romanishin,
played in the eighth round of Elista Olympiad. Few days later the same move
once again became an object of the theoretical discussion on the Grandmaster
level.} (6. e3 exd5 7. cxd5 Bxf1 8. Kxf1 g6 9. Nc3 Bg7 10. e4 {1-0 Cebalo,
M-Rotstein,A/Cannes 1992/EXT 92op (40)}) (6. b3 exd5 7. cxd5 g6 8. Bb2 Bg7 9.
e3 (9. e4 Bxf1 10. Kxf1 d6 11. Nbd2 O-O {1-0 Hort,V-Van der Wiel,J/Amsterdam
1980/MCL (31)}) 9... Bxf1 10. Kxf1 O-O 11. g3 d6 12. Kg2 Nbd7 {0-1 Hernandez,
J-Balashov,Y/Cienfuegos 1975/EXT 98 (31)}) 6... Bxc4 7. e4 Bxf1 8. Rxf1 b5 {
Novelty which in this game didn't prove effective.} (8... exd5 9. e5 Ng8 (9...
d4 $2 10. exf6 dxc3 11. Qe2+) 10. Qxd5 Nc6 11. Bg5 Be7 12. Ne4 $1) (8... d6 {
So the reference game Speelman,J-Romanishin,O/Elista 1998/CBM 66 ext (27) had
been continued. After} 9. dxe6 fxe6 10. e5 dxe5 11. Qxd8+ Kxd8 12. Nxe5 Kc8 13.
Bg5 Be7 14. O-O-O Rd8 15. f4 Kb7 16. Rde1 Na6 17. f5 exf5 18. Nc6 Kxc6 19. Rxe7
Rd7 20. Bxf6 gxf6 21. Rxd7 Kxd7 22. Rxf5 Rf8 23. Nd5 Ke6 24. g4 Rf7 25. Nf4+
Ke7 26. Nd5+ Ke6 27. Nf4+ {a draw was agreed.}) 9. Nxb5 Qa5+ {An attractive
continuation, which, however, does not allow Black to solve all the problems
of his position.} (9... Nxe4 {was a sensible alternative to the text. After
this move the game could have continued:} 10. Qa4 Nd6 $1 {Other moves are
inferior:} (10... exd5 11. Bf4 $18) (10... Nf6 11. d6 Nd5 12. Bf4 Qf6 (12...
Nc6 13. O-O-O a6 14. Nc7+ (14. Rxd5) 14... Nxc7 15. dxc7 Qc8 16. Ne5 Nd4 (16...
Nxe5 17. Bxe5 f6 18. Bg3 e5 19. f4 Qxc7 20. fxe5 fxe5 21. Bxe5 $40) 17. Nc4 Qb7
(17... Ne2+ 18. Kb1 Nxf4 19. Nb6) 18. Bd6 $2 Qb5 19. Qxb5 axb5 20. Nb6 Bxd6 21.
Nxa8 Ke7 $19) 13. Nc7+ Nxc7 14. dxc7 Nc6 15. O-O-O (15. Rd1 $143 Qxb2 16. Rxd7
Kxd7 17. Ne5+ Kc8 18. Qxc6 Qb1+ 19. Ke2 Qb2+ $11 20. Kf3 $140 Qb7 21. Rb1 Qxc6+
22. Nxc6 Bd6 23. Bxd6 Kd7 $17) 15... Nd4 (15... Be7 $2 16. Rxd7 $1 Kxd7 17.
Rd1+ $18) 16. Be5 Qh6+ 17. Kb1 Qg6+ 18. Ka1 Nc6 19. Rxd7 $1 $18) {and it is
not obvious whether White has sufficient compensation, e.g.,} 11. dxe6 fxe6 12.
Bg5 Qb6 13. Nxd6+ Bxd6 14. O-O-O O-O) 10. Nc3 Nxe4 11. Bd2 Nxd2 12. Nxd2 {
After White's queen moves to the vacated square f3 vulnerability of Black's
rook at a8 will become evident.} Be7 (12... Qc7 13. Qf3 Qe5+ 14. Kd1 $36) 13.
Qf3 {[%csl Ra8]} O-O 14. d6 {[%cal Gf3a8]} Bg5 ({Black is not content to
accept the prospects of defending the position with the elusive compensation
arising after} 14... Nc6 15. dxe7 Nxe7 {and sacrifising the whole rook hopes
to capitalize on somewhat discoordinated White's forces. However, as further
development of the game will show, this way leads nowhere.}) 15. Qxa8 Nc6 16.
Qb7 Bxd2+ 17. Kxd2 Rb8 18. Qxd7 Qb6 {The position Black probably was striving
for when sacrifising the rook. Both White's king and queen seem to be in
trouble, but with a few precise moves White neutralizes threats of his
opponent.} (18... Rxb2+ 19. Kd1 h6 20. Qc8+ Kh7 21. Rc1 $18) 19. Na4 $1 (19.
Rab1 $2 Rd8) 19... Qa5+ 20. b4 $1 Qxa4 (20... Nxb4 21. axb4 (21. Qc7 $1) 21...
Qxb4+ 22. Nc3 Qf4+ 23. Kd1 Qc4 24. Kc2 Qb3+ 25. Kd2 Qb2+ 26. Kd3 $18) 21. Rfc1
{[%cal Gc1c6]} g6 22. Rxc5 Qb3 23. Rxc6 Qb2+ 24. Kd3 (24. Kd3 Qxa1 25. Rc8+
Rxc8 26. Qxc8+ Kg7 27. Qc3+ $18) 1-0

[Event "Madrid Magistral 6th"]
[Site "Madrid"]
[Date "1997.05.31"]
[Round "9"]
[White "San Segundo Carrillo, Pablo"]
[Black "Salov, Valery"]
[Result "1/2-1/2"]
[WhiteElo "2505"]
[BlackElo "2665"]
[Annotator "Atlas,V"]
[PlyCount "54"]
[EventDate "1997.06.??"]
[EventType "tourn"]
[EventRounds "9"]
[EventCountry "ESP"]
[EventCategory "17"]
[SourceTitle "CBM 059"]
[Source "ChessBase"]
[SourceDate "1997.08.01"]
[SourceVersion "1"]
[SourceVersionDate "1997.08.01"]
[SourceQuality "1"]

1. d4 {Tisdall} Nf6 2. c4 e6 3. Nf3 b6 4. a3 Bb7 5. Nc3 d5 6. Qc2 c5 7. cxd5
cxd4 8. Qa4+ ({The main alternative to} 8. Nxd4 Nxd5 9. e4 Nxc3 10. Qxc3 Nd7
11. Be3 Rc8 12. Qd2 Be7 13. Rd1 a6 14. Be2 Ne5 15. O-O O-O $10 {Piket-Dautov/
Nussloch/1996}) 8... Nbd7 9. dxe6 $5 ({An attempt to revaluate the theoretical
verdict, according to which the arising ending yields Black a full
compensation for a sacrificed pawn. The main line is} 9. Nxd4 Nxd5 10. Nxd5
Bxd5 11. e4 Bb7 12. Ba6 Bxa6 13. Qxa6 Bc5 14. Be3 O-O 15. O-O Nf6 16. Rad1 Qc8
$10 {Cramling,P-Xu Jun/Erevan olm 1996}) 9... dxc3 10. exd7+ Qxd7 11. Qxd7+
Nxd7 12. bxc3 Be7 13. Be3 {Planning to meet 13...Bf6 by 14. Bd4.} Rc8 14. Bd4
O-O 15. e3 Nc5 $1 ({This is stronger that} 15... Nf6 {, which is met by 16.
Nd2 /\f3, Kf2. The text move gives Black knight an access to the square a4,
from which it efficiently attacks the weak pawns of the queenside.}) 16. Nd2
Na4 17. c4 (17. Rc1 {is met by} Bc6) 17... Bc5 $1 {The best positional
decision. Exchanging the bishops, Black amplifies a pressure upon the pawns c4
and d4.} 18. f3 ({After} 18. Bxc5 Nxc5 {/\Rfd8, the control over the file "d"
determines Black's excellent counterchances.}) 18... Bxd4 19. exd4 Rfd8 20. d5
Ba6 {[%csl Rc4,Rd5][%cal Ga6c4,Gc8c4,Ga4b2,Gb2c4,Gd8d5] Threatening 21...Nb2
22.Rc1 Rd5.} 21. Rb1 b5 $1 {[%cal Gc8c1] Excellent tactical blow, forcing a
draw.} 22. cxb5 Nc3 23. Rc1 ({Or} 23. Rb3 Bxb5 24. Bxb5 Nxb5 {, and White
cannot play} 25. Rxb5 {in view of} Rc1+) 23... Bxb5 24. Bxb5 Nxb5 25. Rxc8 Rxc8
{White cannot protect his extra pawn, and the game ends a draw.} 26. Kf2 Rc5
27. a4 Rxd5 (27... Rxd5 {Tisdall} 28. Rc1 $11 (28. Ke3 $11) 28... Rxd2+ 29. Ke3
Rd8 30. axb5 Rb8 31. Rc7 h6 32. Rxa7 Rxb5) 1/2-1/2

[Event "FRA-ch High Pool"]
[Site "Marseille"]
[Date "2001.08.13"]
[Round "10"]
[White "Relange, Eloi"]
[Black "Fontaine, Robert"]
[Result "1-0"]
[WhiteElo "2472"]
[BlackElo "2452"]
[Annotator "Atlas,V"]
[PlyCount "115"]
[EventDate "2001.08.13"]
[EventType "schev"]
[EventRounds "4"]
[EventCountry "FRA"]
[SourceTitle "CBM 085"]
[Source "ChessBase"]
[SourceDate "2001.11.13"]
[SourceVersion "1"]
[SourceVersionDate "2001.11.13"]
[SourceQuality "1"]

1. c4 {Hecht} Nf6 2. d4 e6 3. Nf3 b6 4. a3 Ba6 5. Qc2 Bb7 6. Nc3 c5 7. d5 exd5
8. cxd5 d6 9. e4 Nbd7 10. Be2 Be7 11. O-O O-O 12. Bf4 a6 13. a4 Nh5 14. Be3 g6
15. Nd2 Ng7 16. Bh6 f5 17. exf5 gxf5 18. Bd3 Rf7 19. Bxg7 Rxg7 20. Bxf5 Kh8 21.
Nc4 Nf6 22. Be6 b5 23. axb5 axb5 24. Ne3 b4 25. Ne2 Bf8 26. Ng3 Ba6 27. Rfe1
Rga7 28. Rad1 Bb5 29. Ngf5 Ra2 30. Rb1 R8a3 31. Qd1 Rd3 32. Qf3 Rb3 33. Qd1
Rbxb2 34. Rxb2 Rxb2 35. Ng4 $1 {[%cal Gg4f6,Gd1a1,Ga1h8]} (35. Qa1 {is met by}
Rb3 36. Ng4 Rc3) 35... Ra2 36. Ngh6 $1 {[%cal Gh6f7]} Be8 37. g4 $1 {[%cal
Gg4g5] White has developed a dangerous initiative on the kingside.} Ra7 38. Qc1
Bg6 39. Qb2 Bxh6 40. Nxh6 Rg7 41. f4 Qe7 42. Ra1 Ne8 43. Ra8 {[%cal Ga8h8,
Gf4f6] Threatening 44.f5 /\f6.} Qh4 {[%cal Gh4e1] Threatening 44...Qe1+. The
text move allows for a spectacular game conclusion, but, in fact, Black was
doomed anyway.} {[%tqu "En","White's army is fully mobilized. How would you
conclude the game?","Exploit the shaky position of the black queen.","Try to
deflect the black bishop.","a8e8","The first step to victory!",7]} 44. Rxe8+ $3
{[%csl Rg6,Rg7,Rh4,Rh8][%cal Gh6f5,Gb2h8] A spectacular move!} Bxe8 {[%tqu
"En","How to justify the exchange sacrifice?","With even bigger sacrifice!",
"Do not forget about the black queen!","b2g7","This impressive queen sacrifice
yields White a decisive material advantage.",5]} 45. Qxg7+ $3 {[%csl Rg7,Rh4]
[%cal Gh6f5] A final blow!} Kxg7 46. Nf5+ {[%cal Gf5h4,Gf5g7]} Kf8 47. Nxh4 b3
48. Nf3 b2 49. Nd2 Bg6 50. Bf5 Bxf5 51. gxf5 {Hecht: '[#] Das Endspiel wird
durch einfachen Zugzwang entschieden.'} Kf7 52. Kf2 Kf6 53. Kf3 Kxf5 54. Nb1 h6
55. Nc3 Kf6 56. Kg4 Kg6 57. h4 c4 (57... h5+ {Hecht} 58. Kf3 Kf5 59. Nb1 c4 60.
Nc3 Kg6 61. Ke4 Kf6 62. f5 Kf7 63. Kf4 Kf6 64. Nb1 $22) 58. h5+ (58. h5+ {
, and Black resigned, as the ending is absolutely hopeless for him:} Kf6 59.
Nb1 Ke7 60. Kf5 Kf7 61. Nc3) 1-0

[Event "NED-ch54"]
[Site "Rotterdam "]
[Date "1999.06.08"]
[Round "9"]
[White "Peng, Zhaoqin"]
[Black "Nikolic, Predrag"]
[Result "0-1"]
[WhiteElo "2452"]
[BlackElo "2633"]
[Annotator "Atlas,V"]
[PlyCount "85"]
[EventDate "1999.05.29"]
[EventType "tourn"]
[EventRounds "11"]
[EventCountry "NED"]
[EventCategory "12"]
[SourceTitle "CBM 072"]
[Source "ChessBase"]
[SourceDate "1999.10.01"]
[SourceVersion "1"]
[SourceVersionDate "1999.10.01"]
[SourceQuality "1"]

1. d4 Nf6 2. c4 e6 3. Nf3 b6 4. Nc3 Bb7 5. a3 g6 6. Bg5 Bg7 7. e4 $6 (7. e3)
7... h6 8. Bxf6 Qxf6 9. Bd3 d6 10. Qa4+ (10. O-O {Pelletier,Y-Onischuk,A/Biel
1999/CBM 72_08 0-1 (49)}) 10... Nd7 11. O-O Qe7 12. Nb5 $6 (12. Rac1 O-O 13.
Rfd1 c5 14. Bb1 cxd4 15. Nxd4 Nc5 16. Qc2 f5 17. exf5 gxf5 $36) 12... Qd8 13.
Rad1 O-O 14. Rfe1 a6 15. Nc3 c5 $15 16. Bf1 cxd4 17. Nxd4 Qc7 18. Nf3 (18. Qc2
Ne5 {xc4} 19. b3 Rac8 {/\b5}) 18... Bxc3 $5 19. bxc3 {[%csl Rc3,Rc4][%cal
Gd7c5] Now white's pawn structure on the Q-side is compromised.} Rfd8 20. Qb4
Nc5 21. Nd2 Bc6 {[%cal Gc6a4,Ga4d1]} 22. Qb1 Ba4 23. Rc1 Rab8 24. Nf3 e5 {
Otherwise White would move a pawn on e5 himself. Weakening of d5-square isn't
essential.} 25. Nd2 {What remains for White is to sit tight and keep an eye on
Black actions.} Kg7 26. Bd3 Rdc8 27. h3 Qc6 28. Be2 Rb7 29. Qa2 Rcb8 30. Rb1
Qe8 31. Rb4 Bc6 32. Qb1 Qe7 {Before breaking through on the Q-side Black wants
to improve his position in the opposite part of the board.} 33. Bd3 Qg5 34. Re3
h5 35. Nf3 Qd8 36. Nd2 h4 37. Be2 Qg5 38. Bg4 (38. Nf3 Qf4 $5) 38... a5 39. Rb2
b5 40. cxb5 Bxb5 41. Qa2 (41. Bc8 $2 Bf1 $19) (41. c4 $2 Bd7 42. Rxb7 Rxb7 43.
Qd1 Bxg4 44. hxg4 Rb2 $17) (41. Qc2 Ba4 42. Rxb7 Rxb7 43. Qc1 f5 $36) 41... Qd8
$5 42. Be2 Bxe2 43. Rxe2 $4 {[%mdl 8192]} (43. Rxe2 Rxb2 $19) ({Black would
preserve the winning chances after} 43. Rxb7 Rxb7 44. Rxe2 Nd3 $5 {planning to
answer} 45. Qd5 {by means of} Nf4 $1 46. Qxb7 Qg5 47. Kf1 Qxg2+ 48. Ke1 Qg1+
49. Nf1 Ng2+ 50. Kd2 Qxf1 {/\Nf4-/+ but the text is just unexplainable.}) 0-1

[Event "Rubinstein Memorial 36th"]
[Site "Polanica Zdroj"]
[Date "1999.08.23"]
[Round "7"]
[White "Van Wely, Loek"]
[Black "Onischuk, Alexander"]
[Result "1/2-1/2"]
[WhiteElo "2629"]
[BlackElo "2657"]
[Annotator "Atlas,V"]
[PlyCount "43"]
[EventDate "1999.08.17"]
[EventType "tourn"]
[EventRounds "9"]
[EventCountry "POL"]
[EventCategory "15"]
[SourceTitle "CBM 073"]
[Source "ChessBase"]
[SourceDate "1999.12.01"]
[SourceVersion "1"]
[SourceVersionDate "1999.12.01"]
[SourceQuality "1"]

1. d4 Nf6 2. c4 e6 3. Nf3 b6 4. a3 Bb7 5. Nc3 d5 6. Bg5 Be7 7. Qa4+ Bc6 8. Qb3
(8. Qc2 dxc4 9. e3 b5 10. Bxf6 Bxf6 11. a4 a6 12. axb5 axb5 13. Rxa8 Bxa8 14.
Nxb5 c5 15. Qa4 Bxf3 16. gxf3 O-O 17. dxc5 Qd5 18. Be2 Qxc5 19. Qxc4 Qxc4 20.
Bxc4 Bxb2 21. Ke2 Rd8 {1/2-1/2 Lautier,J-Kortschnoj,V/Tilburg 1998/EXT 99 (21)}
) 8... dxc4 9. Qxc4 O-O 10. g3 {In this position White did not have much
success with the other natural continuations: 10. Bxf6 and 10. Rd1. Playing 10.
g3, White intends to locate his bishop at the long diagonal, after which the
development of Black's Q-side will be hampered. Black's answer is practically
forced.} (10. Bxf6 Bxf6 11. e4 b5 12. Nxb5 Bxe4 13. Nxc7 Bd5 14. Nxd5 exd5 15.
Qc2 Re8+ 16. Be2 Re6 17. Ne5 Bxe5 18. dxe5 Rxe5 19. O-O Nc6 20. Rad1 Qb6 21.
Bd3 $14 {1/2-1/2 Sadler,M-Speelman,J/Hastings 1999/CBM 69_07 (41)}) (10. Rd1
Bb7 11. Bxf6 Bxf6 12. e4 c6 13. e5 Be7 14. Bd3 Nd7 15. O-O Rc8 16. Bb1 Re8 17.
Rfe1 Nf8 18. h4 Rc7 19. h5 h6 20. Be4 Qa8 $1 $11 {1/2-1/2 Neverov,V-Tukmakov,V/
Donetsk 1998/CBM 68 (26)}) 10... Bxf3 (10... h6 $143 11. Bxf6 Bxf6 12. Bg2 Bxd4
(12... Bb7 13. O-O $36) 13. O-O-O e5 14. e3 Qf6 15. Nd5 Bxd5 (15... Qd6 16.
Nxd4 exd4 17. Rxd4 $16) 16. Qxd5 c6 17. Qe4 Bc5 18. Qxe5 $14) 11. exf3 Nd5 12.
Bd2 Nxc3 13. Bxc3 Qd5 $1 14. Qxc7 (14. Qxd5 exd5 {is clearly not a favourable
variation for White.}) 14... Nc6 ({After} 14... Qxf3 {White's plan finds its
justification:} 15. Rg1 Qe4+ 16. Kd2 $1 (16. Be2 $6 Bf6 17. Qf4 Qxf4 18. gxf4
Nc6 19. Bf3 Rac8 {and Black is better}) 16... Bd8 17. Qe5 $14) 15. Qf4 {
The only move.} (15. Bg2 $2 Bd6 16. Qb7 a6 $1 $19 {[%csl Rb7]}) 15... Rad8 16.
Ba6 $1 (16. Bg2 Nxd4 (16... Bg5 17. Qe4 Nxd4 18. Rd1) 17. Bxd4 Qxd4 18. Qxd4
Rxd4 {leads to a worse endgame for White than does the text.}) 16... Bg5 (16...
Nxd4 17. Qxd4 Qxd4 18. Bxd4 Rxd4 19. Rd1 Bf6 20. b4 {and White should equalize.
}) 17. Qe4 Nxd4 18. Qxd5 Rxd5 (18... Nc2+ $6 19. Kd1 (19. Ke2 exd5 20. Rad1 d4
21. Be1 Rfe8+ 22. Kd3 $11) (19. Kf1 $5) 19... Nxa1 20. Qxd8 Rxd8+ 21. Ke2 Nb3
22. Rd1 $14) 19. Rd1 Bf6 (19... Nxf3+ $2 20. Ke2 Rxd1 21. Rxd1 Nxh2 22. f3 $16
{[%csl Rh2]}) 20. Bxd4 (20. f4 $2 Rfd8 21. Bxd4 Bxd4 $17 {[%cal Yd4f2,Yd4b2]})
20... Bxd4 21. Rd2 Rfd8 22. Ke2 (22. Ke2 Re5+ 23. Kf1 $11) 1/2-1/2

[Event "St Petersburg-ch"]
[Site "St Petersburg"]
[Date "1996.??.??"]
[Round "11"]
[White "Sakaev, Konstantin"]
[Black "Yemelin, Vasily"]
[Result "1/2-1/2"]
[WhiteElo "2600"]
[BlackElo "2460"]
[Annotator "Atlas,V"]
[PlyCount "104"]
[EventDate "1996.04.??"]
[EventType "tourn"]
[EventRounds "13"]
[EventCountry "RUS"]
[EventCategory "11"]
[SourceTitle "CBM 056"]
[Source "ChessBase"]
[SourceDate "1997.02.01"]
[SourceVersion "1"]
[SourceVersionDate "1997.02.01"]
[SourceQuality "1"]

1. d4 Nf6 2. c4 e6 3. Nf3 b6 4. a3 Ba6 5. Qc2 Bb7 6. Nc3 c5 7. e4 cxd4 8. Nxd4
d6 9. Be2 Nbd7 10. Be3 a6 11. g4 $5 ({This agressive move was introduced into
chess practice by A. Khalifman. There are some noteworthy alternatives:} 11.
O-O Be7 12. Rfd1 O-O 13. f3 Qc7 $14) (11. O-O-O Rc8 12. f4 Qc7 13. g4 e5 14.
Nf5 g6 15. Ng3 exf4 16. Bxf4 Ne5 17. Bxe5 Bh6+ 18. Kb1 dxe5 19. Nd5 $14 {
Van Wely,L-Grooten,H/Lost Boys Antwerp BEL 1996 (57)}) 11... h5 $5 ({An
enetrprising continuation, yielding Black good counterchances. A standard
reaction} 11... h6 {yields White good attacking chances:} 12. O-O-O Rc8 13. f4
Qc7 14. Kb1 Nc5 15. Bf3 b5 16. g5 $14 {Khalifman,A-Pogorelov,R/Sevilla op 1993}
) 12. g5 Ng4 13. g6 ({The principal continuation.} 13. Bxg4 hxg4 14. g6 Ne5 {
does not seem dangerous for Black.}) 13... Nxe3 14. gxf7+ Kxf7 15. fxe3 Ne5 16.
O-O-O (16. Rf1+ {, forcing 16...Ke7, was to be preferred.}) 16... g6 $2 {
Black overlooks the "little combination", yielding White a large advantage. It
was essential to play} (16... Rh6 $1 {, with promising perspectives in the
middlegame:} 17. Rhf1+ Kg8 18. Nf3 Qc7 $132) 17. Rhf1+ Ke7 18. c5 $1 {After
this excellent move Black loses by force Pe6 and finds himself in almost
insurmountable trouble.} bxc5 19. Nxe6 $1 Qb8 (19... Kxe6 20. Qb3+ $18) 20. Nf4
Bc6 21. Ncd5+ Kd7 22. Nd3 Bg7 23. Nf6+ ({Another appealing continuation was} 
23. Nxe5+ Bxe5 24. Rf7+ Kd8 (24... Ke6 25. Re7#) (24... Kc8 25. Ne7+ $18) 25.
Rdf1 $16 (25. Ne7 $2 Ba4 $1)) 23... Kc8 24. Nxe5 dxe5 25. Qxc5 Qc7 26. Nd5 (26.
Rd6 $2 {does not work in view of} Bf8 {, but 26.Bc4+/- deserved attention.})
26... Bxd5 27. Rxd5 {Black's position seems absolutely hopeless, but he finds
an excellent defensive manoeuvre, maximally complicating White's task.} Rf8 $1
28. Rfd1 Rf7 $1 29. Bc4 Rd7 $1 ({This move allows Black to retain defensive
possibilities, whereas} 29... Qxc5 $2 {loses immediately in view of} 30. Rxc5+
Rc7 31. Be6+ $18) 30. Kb1 Qxc5 31. Rxc5+ Kd8 32. Bd5 Bh6 33. Re1 $6 ({After} 
33. Rc6 $1 Bxe3 34. Rxg6 Raa7 35. Rd3 {/\Rb3 White retained excellent winning
chances. The text yields Black an opportunity for regrouping of his forces.})
33... Rb8 34. Rc6 Rdb7 35. Rd6+ Ke7 36. Bxb7 Kxd6 37. Bxa6 Rb3 38. Rf1 Bxe3 39.
Bc4 Rb8 40. Bd5 $2 (40. Rf6+ $142 $1 Kc5 41. Bd5 g5 42. Kc2 $16) 40... Bf4 41.
h3 g5 42. Rg1 Kc5 43. Rd1 g4 44. b4+ Kb5 45. hxg4 hxg4 46. Be6 g3 47. Rd6 g2
48. Bd7+ Kc4 49. Rg6 Kb3 50. Rxg2 Rh8 51. Be6+ Kxa3 52. b5 Rh2 {This move
forces a draw after 53.Rh2 Bh2 54.b6 Bg1 55.b7 Ba7.} 1/2-1/2